000 00729nmm a2200265 a 4500
003 AR-BaBNM
005 20251128205146.0
008 301020s1993 ||||||||||||||000 | spa||
020 _a950-9896-65-9
040 _cAR-BaBNM
100 1 _aLudueƱa, Mirta
245 1 0 _aTalleres creativos
_blengua 2do. ciclo
260 _aBuenos Aires
_bEdiciones Docentes Argentinas
_c1993
300 0 _a315 p.
_bil.
650 4 _aCREATIVIDAD
650 4 _aJUEGOS EDUCATIVOS
650 4 _aTRABAJO EN EQUIPO
650 4 _aACTIVIDADES DE APRENDIZAJE
650 4 _aMOTIVACION DEL ALUMNO
653 0 _aENSENANZA DE LA LENGUA
653 0 _aTALLERES EDUCATIVOS
700 1 _aPaura, Carlos
_eilustrador
942 _cBK
998 _cCARMEN
999 _c10235
_d10235